000 00584nac a22001691u 4500
020 _a8120324021
082 _a004
_bR1615
090 _c753
_d753
100 _aRajaraman, V.
245 _aIntroduction to information technology /
_cV. Rajaraman.
260 _aNew Delhi :
_bPrentice Hall of India,
_c2003.
300 _a370 p. :
_bill. ;
_c24 cm.
500 _aIncludes index.
650 _aInformation technology
942 _cBB
_k004R1615
999 _c753
_d753